TV Series by Taglines Quiz Stats

 Plays Quiz not verified by Sporcle

Challenge
Share
Tweet
Embed
Score 0/15 Timer 10:00
0 Plays Today
Tagline TV Series % Correct
Thousands audition... Millions vote.... One wins.American Idol
87.7%
A lot can happen in a day.24
75.4%
America's stuck in (crossed out) on the office.The Office
75.4%
One big (straight, gay, multi-cultural, traditional) happy family.Modern Family
73.4%
Every superhero has a beginning.Smallville
73%
Music's biggest superstar is the school's biggest secret!Hannah Montana
55.6%
The future is here!Futurama
31.3%
Work can be such a production.30 Rock
30.6%
Tagline TV Series % Correct
Every week a new mystery, every week a new baffling case that only one team can solve.House
19.8%
Once lucky, Twice smart, Three times [title].Charmed
15.1%
Where nothing ever changed until one outsider changed everything.One Tree Hill
6%
Who is [title name]?Kyle XY
4.8%
When two worlds collide, anything can happen...Doctor Who
3.2%
Every day counts, one day matters.Friday Night Lights
2.4%
If your life was a TV show this would be it.Degrassi
2.4%

You're not logged in!

Compare scores with friends on all Sporcle quizzes.
Join for Free
OR
Log In

You Might Also Like...

Show Comments

Extras

Created Jan 31, 2011ReportNominate
Tags:Nintendo Quiz, Taglines

Top Quizzes Today


Score Distribution

Your Account Isn't Verified!

In order to create a playlist on Sporcle, you need to verify the email address you used during registration. Go to your Sporcle Settings to finish the process.

Report this User

Report this user for behavior that violates our Community Guidelines.

Details: